แสดงรายละเอียดบรรณานุกรม
  กลับหน้าหลัก

Brief Record : Get Marc (ISO 2709) : E-mail record : QR code ปิดหน้าต่าง
หนังสืออ้างอิง : เกี่ยวกับ Collections
LEADER 00000nam 2200000uu 4500
008    110315s||||||||th 000 0 tha d
020    0-8151-7221-4
060  0 Ref QV38 P578 1996
100 0  ^aL.Suzanne Bedell.
245 00 ^aPhysicians GenRx : The complete drug refrence/^bL.Suzanne Bedell.
246 0  ^a1996 Physicians generx.
260    ^aST.Louis.MO : ^bMosby,^c1996.
300    ^axxii,157,39,2130,63 p. : ill.
650  0 ^adrugs.
650  0 ^aPharmacology.
650  0 ^ageneric drugs.
650  0 ^adrugs--^xgenerie substitution
700 0  ^aSuzanne Bedell L. Suzanne,ed.
999    ^aใช้งานได้ทุกระบบ
รายการนี้ยังไม่มีแท็ก
คุณยังไม่ได้ล็อกอิน คุณสามารถมีกิจกรรมร่วมกับเว็บไซต์ได้ แต่ต้องล็อกอินก่อน ::
  ล็อกอิน
ลำดับที่ ประเภท เลขเรียก สถานที่ สถานะ
1. หนังสืออ้างอิง
หนังสืออ้างอิง
Ref QV38 P578 1996  
  
หนังสือภาษาอังกฤษ On Shelf
  ขอยืม
   [แสดง 1/1 รายการ]

รายการใกล้เคียง
    หัวเรื่อง [drugs.]
    หัวเรื่อง [Pharmacology.]

BibComment


ยังไม่เคยถูกคอมเมนท์

คอมเมนท์ทรัพยากรรายการนี้
  คอมเมนท์: Physicians GenRx..
Bib 205885

 
 
 

 Union Library Management : ULibM
Copyright 2026. All Rights Reserved.
скачать бесплатно без регистрации порно красивый секс HD Sex Hindi sex

xxx gou

xxxx

bfxxx

xxxwww

Секса Видео

xxxx

Секса Видео

detube

geilexxx

C99 Shell

worms shell

blod xxx video
Ebony Coed Rihanna Rimes Takes A Dick In Her Young Twat priyaa indian fuck anal and pusssy hardcore indian women xxx desi hardcore fucking part 1 bengalixxxcouple